000 00239nmm a2200085Ia 4500
008 220120s9999||||xx |||||||||||||||||und||
100 _aDigit
245 0 _aGet programming 15 plus programming IOES, 20 plus PDF guides
260 _aNine dot Nine
999 _c139951
_d139951